Effect of celery cabbage and apple snail meal supplementation in CP concatenate on growth rate of avain broiler at royal university of agriculture, ប្រសិទ្ធិភាពនៃការបន្ថែមម្សៅសាច់ខ្ចងប៉ោម និងស្ពៃចង្កោះស្រោះ លើចំណីផ្សំក្រុមហ៊ិន ស៊ី.ភី សម្រាប់ការលូតលាស់មាន់សាច់ពូជ AVIAN​​ នៅស្ថានីយ៍ពិសោធន៍សត្វ នៃសាកលវិទ្យាល័យភូមិន្ធកសិកម្ម. (Record no. 2364)

000 -LEADER
fixed length control field 00994nam a22001337a 4500
040 ## - CATALOGING SOURCE
Transcribing agency RUA
082 ## - DEWEY DECIMAL CLASSIFICATION NUMBER
Classification number AVM SOK 2010 B091 Or.1
100 ## - MAIN ENTRY--AUTHOR NAME
Personal name SOK, NOM.
245 ## - TITLE STATEMENT
Title Effect of celery cabbage and apple snail meal supplementation in CP concatenate on growth rate of avain broiler at royal university of agriculture, ប្រសិទ្ធិភាពនៃការបន្ថែមម្សៅសាច់ខ្ចងប៉ោម និងស្ពៃចង្កោះស្រោះ លើចំណីផ្សំក្រុមហ៊ិន ស៊ី.ភី សម្រាប់ការលូតលាស់មាន់សាច់ពូជ AVIAN​​ នៅស្ថានីយ៍ពិសោធន៍សត្វ នៃសាកលវិទ្យាល័យភូមិន្ធកសិកម្ម.
260 ## - PUBLICATION, DISTRIBUTION, ETC. (IMPRINT)
Place of publication phnom phen
Name of publisher RUA
Year of publication 2010
300 ## - PHYSICAL DESCRIPTION
Number of Pages XI,41p.
Other physical details ill.
Dimensions 29cm.
856 ## - ELECTRONIC LOCATION AND ACCESS
Uniform Resource Identifier https://drive.google.com/file/d/1JVgrLWh0y3t7aeAws9rW4HdSqOCAGUMb/view?usp=sharing
942 ## - ADDED ENTRY ELEMENTS (KOHA)
Koha item type AVM
952 ## - LOCATION AND ITEM INFORMATION (KOHA)
Withdrawn status [LOCAL, KOHA] 0
952 ## - LOCATION AND ITEM INFORMATION (KOHA)
Withdrawn status [LOCAL, KOHA] 0
952 ## - LOCATION AND ITEM INFORMATION (KOHA)
Withdrawn status [LOCAL, KOHA] 0
952 ## - LOCATION AND ITEM INFORMATION (KOHA)
Withdrawn status [LOCAL, KOHA] 0
952 ## - LOCATION AND ITEM INFORMATION (KOHA)
Withdrawn status [LOCAL, KOHA] 0
952 ## - LOCATION AND ITEM INFORMATION (KOHA)
Withdrawn status [LOCAL, KOHA] 0
952 ## - LOCATION AND ITEM INFORMATION (KOHA)
Withdrawn status [LOCAL, KOHA] 0
952 ## - LOCATION AND ITEM INFORMATION (KOHA)
Withdrawn status [LOCAL, KOHA] 0
Holdings
Permanent Location Date acquired Koha item type Lost status Shelving location Barcode Current Location Full call number
Library Block B2015-10-20AVM B091RUA015537Library Block BAVM SOK 2010 B091 Or.1
Library Block B2015-10-20AVM B091RUA015609Library Block BAVM SOK 2010 B091 Or.2
Library Block B2015-10-20AVM B091RUA019995Library Block BAVM SOK 2010 B091 Or.3
Library Block B2015-10-20AVM B091RUA019569Library Block BAVM SOK 2010 B091 Or.4
Library Block B2015-10-20AVM B091RUA015393Library Block BAVM SOK 2010 B091 Or.5
Library Block B2015-10-20AVM B091RUA015465Library Block BAVM SOK 2010 B091 Or.6
Library Block B2015-10-28AVM B091rua027195Library Block BAVM SOK 2010 B091 Or.7
Library Block B2019-07-12AVM B1.230A35971Library Block BAVM SOK 2010 B1.230 Or.1
មជ្ឈមណ្ឌលឯការនៃសាកលវិទ្យាល័យភូមិន្ទកសិកម្មចំការដូង

Powered by Koha